00231nam a2200085Ia 450000100070000000500170000700800410002424500580006526000220012372468420250826163355.0250824s9999 xx 000 0 und d 0aistanbul, ilk romanımda leylâKcSELİM İLERİ bEVEREST YAYINLARI